Online
Catalog

Gente del Aspromonte / (Record no. 18085)

MARC details
000 -CABECERA
campo de control de longitud fija 00715nam a2200205 a 4500
001 - NÚMERO DE CONTROL
campo de control 000018565
005 - FECHA Y HORA DE LA ÚLTIMA TRANSACCIÓN
campo de control 20200929165826.0
008 - DATOS DE LONGITUD FIJA--INFORMACIÓN GENERAL
campo de control de longitud fija 100511s2001 it ac r 000 f spa d
020 ## - NÚMERO INTERNACIONAL ESTÁNDAR DEL LIBRO
Número Internacional Estándar del Libro 888840502X
040 ## - FUENTE DE LA CATALOGACIÓN
Centro catalogador/agencia de origen DO-SdBNP
Lengua de catalogación spa
Centro/agencia transcriptor BNPHU
082 ## - NÚMERO DE LA CLASIFICACIÓN DECIMAL DEWEY
Número de clasificación 853.912
Número de documento/Ítem A473G
100 1# - ENTRADA PRINCIPAL--NOMBRE DE PERSONA
Nombre de persona Álvaro, Corrado
Fechas asociadas al nombre 1895-1956
9 (RLIN) 40149
245 10 - MENCIÓN DE TÍTULO
Título Gente del Aspromonte /
Mención de responsabilidad, etc. Corrado Álvaro ; traducción de Mayerín Bello Valdés ; edición Pilar Capanaga.
260 ## - PUBLICACIÓN, DISTRIBUCIÓN, ETC.
Lugar de publicación, distribución, etc. Italia :
Nombre del editor, distribuidor, etc. Arci Solidarietá Cesenate,
Fecha de publicación, distribución, etc. 2001.
300 ## - DESCRIPCIÓN FÍSICA
Extensión 112 p. :
Otras características físicas il., retrs. ;
Dimensiones 17 cm.
650 #4 - PUNTO DE ACCESO ADICIONAL DE MATERIA--TÉRMINO DE MATERIA
Término de materia o nombre geográfico como elemento de entrada Novela italiana
9 (RLIN) 4322
650 #4 - PUNTO DE ACCESO ADICIONAL DE MATERIA--TÉRMINO DE MATERIA
Término de materia o nombre geográfico como elemento de entrada Literatura italiana
9 (RLIN) 3329
700 1# - PUNTO DE ACCESO ADICIONAL--NOMBRE DE PERSONA
Nombre de persona Bello Valdés, Mayerín,
Término indicativo de función/relación tr.
9 (RLIN) 40150
700 1# - PUNTO DE ACCESO ADICIONAL--NOMBRE DE PERSONA
Nombre de persona Capanaga, Pilar,
Término indicativo de función/relación ed.
9 (RLIN) 40151
Holdings
Estado de retiro Estado de pérdida Restricciones de uso No para préstamo Código de colección Localización permanente Ubicación/localización actual Ubicación en estantería Fecha de adquisición Número de inventario Total de préstamos Signatura topográfica completa Código de barras Fecha visto por última vez Precio válido a partir de Tipo de ítem Koha Número de copia
        Monografías: Libros y Folletos General General En catalogación 11.05.2010 LF1   853.912 A473G 18565-10 25.06.2020 25.06.2020 Préstamo en sala  
      Préstamo restrigido Monografías: Libros y Folletos General General En catalogación 11.05.2010 LF1   853.912 A473G 18565-20 25.06.2020 25.06.2020 Préstamo en sala e. 2
        Monografías: Libros y Folletos General General En catalogación 11.05.2010 LF1   853.912 A473G 18565-30 25.06.2020 25.06.2020 Préstamo en sala e. 3

Powered by Koha